Statistics for H Footballers

Click here to take the quiz!

General Stats

  • This quiz has been taken 16 times
  • The average score is 6 of 20

Answer Stats

HintAnswer% Correct
Nicknamed ChicaritoHernandez
86%
Current Liverpool and England midfielderHenderson
86%
Arsenals record goalscorerHenry
79%
Wales keeper in Euro 2016Hennessey
64%
Most famous World Cup final scorerHurst
50%
Irish midfielder currently starring for BurnleyHendrick
43%
Ex England managerHoddle
43%
Multi medal winning defender for Liverpool and ScotlandHansen
29%
Won World Cup with Germany in 2014Hummels
29%
Won World Cup with West Germany in 1974 and became Bayern Munich presidentHoeness
21%
Ex Wimbledon player who bought BoltonHoldsworth
21%
Led Blackpool into PLHolloway
21%
Sent off in 2010 World Cup FinalHeitinga
14%
His team mateHowedes
14%
Icelandic who scored 55 league goals for Watford in 6 yearsHelguson
7%
Played in 1978 World Cup final for ArgentinaHouseman
7%
Relegated a record 5 times from PLHreidarsson
7%
Norwich midfielder starred for Ireland at 2016 EurosHoolahan
7%
Famously had leg broken by Roy KeaneHaaland
0%
Won World Cup with West Germany and 100 capsHassler
0%

Score Distribution

Percentile by Number Answered

Percent of People with Each Score

Your Score History

You have not taken this quiz